Vplyv vybraných faktorov na proenvironmentálne správanie slovenských turistov generácie Z
Postoj k pro-environmentálnemu správaniu môže byť kritickým faktorom trvalo udržateľného cestovného ruchu. Pomocou stanovených hypotéz identifikujeme postoje vybraných turistov k pro-environmentálnemu správaniu. Výsledky sme získali pomocou niekoľkých štatisticko-matematických metód, ako je logistic...
Saved in:
| Main Author: | |
|---|---|
| Format: | Book Chapter |
| Language: | Slovak |
| Subjects: | |
| Tags: |
No Tags, Be the first to tag this record!
|
MARC
| LEADER | 00000naa$a2200000$$$4500 | ||
|---|---|---|---|
| 001 | 0298629 | ||
| 005 | 20240502074529.0 | ||
| 041 | 0 | |a slo | |
| 044 | |a SK | ||
| 245 | 1 | 0 | |a Vplyv vybraných faktorov na proenvironmentálne správanie slovenských turistov generácie Z |c Ľubomíra Kubíková |
| 520 | |a Postoj k pro-environmentálnemu správaniu môže byť kritickým faktorom trvalo udržateľného cestovného ruchu. Pomocou stanovených hypotéz identifikujeme postoje vybraných turistov k pro-environmentálnemu správaniu. Výsledky sme získali pomocou niekoľkých štatisticko-matematických metód, ako je logistická regresná analýza, Spearmanov korelačný koeficient a Chi-kvadrát. Vybrané štatistické metódy nám pomohli identifikovať vzájomný vzťah medzi vybranými premennými. | ||
| 610 | 2 | 0 | |a prostredie životné |
| 610 | 2 | 0 | |a environmentalistika |
| 610 | 2 | 0 | |a ruch cestovný |
| 610 | 2 | 0 | |a turistika |
| 610 | 2 | 0 | |a správanie |
| 610 | 2 | 0 | |a Slovensko |
| 100 | 1 | |a Kubíková, Ľubomíra, 1996- | |